Semiotics and interpretation /

Bibliographic Details
Main Author: Scholes, Robert, 1929-2016
Format: Book
Language:English
Published: New Haven : Yale University Press, [1982]
Subjects:

MARC

Tag First Indicator Second Indicator Subfields
LEADER 00000cam a22000008a 4500
001 in00000074097
005 20210821063106.0
008 810922s1982 ctu b 00110 eng
010 |a  81015971  
020 |a 0300027982 
035 |a (OCoLC)07836893 
035 |9 AAJ5261AM 
039 0 |a 2  |b 3  |c 3  |d 3  |e 3 
040 |a DLC  |c DLC  |d TXA  |d UtOrBLW 
049 |a TXAM  |c [952099] 
050 0 0 |a PN98.S46  |b S3 
082 0 |a 808/.00141  |2 19 
100 1 |a Scholes, Robert,  |d 1929-2016. 
245 1 0 |a Semiotics and interpretation /  |c Robert Scholes. 
263 |a 8205 
264 1 |a New Haven :  |b Yale University Press,  |c [1982] 
264 4 |c ©1982 
300 |a xiv, 161 pages ;  |c 22 cm. 
336 |a text  |b txt  |2 rdacontent 
337 |a unmediated  |b n  |2 rdamedia 
338 |a volume  |b nc  |2 rdacarrier 
500 |a Includes index. 
504 |a Bibliography: pages 151-155. 
650 0 |a Criticism. 
650 0 |a Semiotics and literature. 
999 |a MARS 
999 f f |s 816630e6-1df3-3371-a053-b4fa65d7b9a0  |i 2e4ca0d8-66de-39e3-8c61-e5ca3ab1dccd  |t 0 
952 f f |p normal  |a Texas A&M University  |b College Station  |c Sterling C. Evans Library  |d Evans: Library Stacks  |t 0  |e PN98.S46 S3  |h Library of Congress classification  |i unmediated -- volume  |m A14806177014 
998 f f |a PN98.S46 S3  |t 0  |l Evans: Library Stacks